00831nas a2200193 a 4500001001000000003000400010005001700014008004100031040001800072043000900090130003300099245007400132260007600206310001200282362004600294500003500340952024500375999001700620000031635DLC20200930063051.0110628c19469999dr r1p 0 0eng d aDO-SdBNPbspa anwdr0 aLa unión masónica95794100aLa unión masónica :bórgano de la respetable logia Nuevo Mundo. aSantiago de los caballeros, :bLogia nuevo mundo,c1946fMuchas gracias aMensual0 a4ta. época, no. 29(28 de julio de 1946) aDirector: Nicanor A. Jiménez 00103No se presta718SEaPDbPDcREd2011-06-28e31604-1-48h4ta. época. no.29 (1946: jul.28)i194607281946080520110628l0o29p31635-29-1r2020-08-08w2020-08-08yISSUEzPerteneció a la bbilioteca personal de Carlos Larrazabal Blanco c31127d31127